Les nombres premiers de 1 à 100 - Statistiques

Statistiques générales
  • Ce quiz a été pris 401 fois
  • Le résultat moyen est 17 sur 25
Statistiques - réponses
Nombres premiers % Correct
2
98%
3
98%
5
98%
7
98%
11
95%
13
95%
17
91%
23
90%
19
89%
29
84%
31
84%
37
81%
41
72%
43
69%
47
68%
53
60%
59
54%
61
50%
67
47%
71
40%
73
38%
79
32%
83
30%
89
27%
97
23%
Aucun quiz correspondant
Distribution des résultats
% des personnes avec chaque résultat
Percentile par nombre de réponses
Votre historique - résultats
Vous n’avez pas pris ce quiz